000 00681nam a2200241Ia 4500
003 OSt
005 20220926012316.0
006 a|||||r|||| 00| 0
007 ta
008 220923b |||||||| |||| 00| 0 eng d
020 _a9781107548732
037 _cGeneral Book
040 _aRTL
_cRTL
_beng
041 _2eng
_aeng
082 _aX:(B), Q8
100 _aMOLCHANOV Ilya
_9316119
245 0 _aRandom sets in econometrics
260 _aNew York
_bCambridge University Press
_c2018
300 _axvii,178p
_ccm.
700 _a MOLINARI Francesca
_9316120
942 _hX:(B), Q8
_cGB
_2CC
999 _c622470
_d622470